LEADER 01537nam--2200457---450- 001 990002878680203316 005 20090130172807.0 010 $a88-238-2060-X 035 $a000287868 035 $aUSA01000287868 035 $a(ALEPH)000287868USA01 035 $a000287868 100 $a20070309d2006----km-y0itaa50------ba 101 0 $aita 102 $aIT 105 $ay|||z|||001yy 200 1 $aEconomia e gestione della banca$fRoberto Ruozi$gcon la collaborazione di Emanuele Carluccio, Paolo Antonio Cucurachi, Stefano Zorzoli 205 $a4. ed. 210 $aMilano$cEgea$dcopyr. 2006 215 $aXV, 395 p.$d24 cm$e1 CD-Rom 225 2 $a<> manuali$v28 410 0$a<> manuali$12001$v28 606 0 $aBanche$xGestione 606 0 $aBanche$xEconomia 676 $a332.1068 700 1$aRUOZI,$bRoberto$068130 801 0$aIT$bsalbc$gISBD$gISBD 912 $a990002878680203316 951 $a332.106 RUO 1b (IRA 17 219)$b14937 E.C.$cIRA 17$d00122154 951 $a332.106 RUO 1a (IRA 17 219)$b14936 E.C.$cIRA 17$d00122149 951 $a332.106 RUO 1(IRA 17 219)$b14935 E.C.$cIRA 17$d00122148 959 $aBK 969 $aECO 979 $aFIORELLA$b90$c20070309$lUSA01$h0957 979 $aFIORELLA$b90$c20070309$lUSA01$h1005 979 $aFIORELLA$b90$c20070309$lUSA01$h1008 979 $aRSIAV1$b90$c20081222$lUSA01$h1138 979 $aRSIAV3$b90$c20090130$lUSA01$h1728 979 $aCHIARA$b90$c20110526$lUSA01$h1508 996 $aEconomia e gestione della banca$965203 997 $aUNISA LEADER 01279oam 2200421zu 450 001 9910698204903321 005 20210803235358.0 010 $a0-585-09407-1 035 $a(CKB)111004368665150 035 $a(SSID)ssj0000179315 035 $a(PQKBManifestationID)12055897 035 $a(PQKBTitleCode)TC0000179315 035 $a(PQKBWorkID)10140146 035 $a(PQKB)11673532 035 $a(OCoLC)144610369 035 $a(EXLCZ)99111004368665150 100 $a20160829d1997 uy 101 0 $aeng 181 $ctxt 182 $cc 183 $acr 200 10$aInhalants 210 31$a[Place of publication not identified]$cRosen Publishing Group Incorporated The$d1997 215 $a4 unnumbered pages $cdigital, PDF file 225 1 $aCommunity drug alert bulletin 225 1 $aNIH publication ;$vno. 05-5623 300 $aBibliographic Level Mode of Issuance: Monograph 311 $a0-8239-2627-3 606 $aInhalant abuse 615 0$aInhalant abuse. 700 $aSherry$b Clifford$01352343 712 02$aNational Institute on Drug Abuse. 712 02$aUnited States.$bDepartment of Health and Human Services. 801 0$bPQKB 906 $aBOOK 912 $a9910698204903321 996 $aInhalants$93171413 997 $aUNINA